000 00677nam a2200217Ia 4500
003 GCL
008 140319s9999 xx 000 0 ara d
040 _aGCL /
_cGCL
082 0 4 _a921.320
_bك ا
100 1 _aكرستى, انطونى
245 1 0 _aاعلام الفلسفة السياسية المعاصرة /
_cكرستى, انطونى
700 1 _aمينوج, كينيث
700 1 _aنصار عبد الله
260 _a[S.N] :
_bالهيئة المصرية العامة للكتاب ،
_c1988
300 _a126
490 _aالالف كتاب
_v0
650 0 4 _aالفلسفة
650 0 4 _aالسياسة
650 0 4 _aالفلاسفة
942 _2ddc
_cBK
999 _c30770
_d30770